00722nam a2200181 a 4500008004100000020001500041050001500056100002000071245005100091260004300142300002100185350000900206650003700215650004700252995009300299999001700392952013100409120416s1989 ||||||||||||||||| || u a0442318472 aRA 967 Kle aKlein, Burton R10aHealth care facility planning and construction aNew York:bVan Nostrand Reinholdc1989 axv, 264p. : ill. a0.00 aFACILITY DESIGN AND CONSTRUCTION aHEALTH FACILITIES--DESIGN AND CONSTRUCTION D0.00FCBU-MAIN LIBRARY (Kitwe)H1I29.50UAVAILABLEZMain Library Open Access Collection c45414d45414 00102lcc4070a001b001cMain Library Open Access Collectiond2022-11-30l0oRA 967 Klep018215r2022-11-30w2022-11-30y002